00442nam a2200169Ia 4500999001700000003000400017005001700021008004100038040000900079082002000088100002200108245003900130260003500169300000800204650001400212942004600226 c27121d27121OSt20201222103354.0190216s9999||||xx |||||||||||||| ||und|| coclc a894.8121bKAK/P aKakkad, N N97707 0aPakalaruthikku Mumpu /cN N Kakkad bP K Brothers,c1994.aCalicut: a79p aKavithkal cBK2ddch894.8121iKAK/Pk894.8121mKAK/P